[Event "Riga Tech op-A"]
[Site "Riga"]
[Date "2021.08.10"]
[Round "2"]
[White "Olde, Margareth"]
[Black "Haldorsen, Benjamin"]
[Result "1/2-1/2"]
[WhiteElo "2240"]
[BlackElo "2471"]
[PlyCount "80"]
[EventDate "2021.08.09"]
[EventType "swiss"]
[EventRounds "9"]
[EventCountry "LAT"]
[SourceTitle "CBM 203 Extra"]
[Source "ChessBase"]
[SourceDate "2021.09.30"]
[SourceVersion "1"]
[SourceVersionDate "2021.09.30"]
[SourceQuality "1"]

1. d4 Nf6 2. c4 e6 3. Nf3 d5 4. g3 Bb4+ 5. Bd2 a5 6. Bg2 0-0 7. 0-0 Be7 8. Qc2 c6 9. Rd1 Nbd7 10. Bf4 h6 11. b3 Nh5 12. Bd2 f5 13. Nc3 Bd6 14. cxd5 exd5 15. e3 g5 16. Na4 Ng7 17. Nb2 g4 18. Ne1 Nf6 19. Nbd3 Ne4 20. Nf4 h5 21. Ned3 h4 22. Be1 hxg3 23. hxg3 Ne6 24. Nxe6 Bxe6 25. Nc5 Qe7 26. b4 axb4 27. Bxb4 Nxc5 28. Bxc5 Bxc5 29. dxc5 Ra5 30. Rdc1 Rfa8 31. a4 Kf7 32. Bf1 Qf6 33. Rcb1 R8a7 34. Ra3 Bc8 35. Rb4 Qe7 36. Rc3 Qe5 37. Ra3 Qe7 38. Rc3 Qe5 39. Ra3 Qe7 40. Rc3 Qe5 1/2-1/2

[Event "Verona Primavera op-A 1st"]
[Site "Verona"]
[Date "2021.05.08"]
[Round "2"]
[White "Olde, Margareth"]
[Black "Candian, Lorenzo"]
[Result "1-0"]
[WhiteElo "2233"]
[BlackElo "1957"]
[PlyCount "91"]
[EventDate "2021.05.07"]
[EventType "swiss"]
[EventRounds "5"]
[EventCountry "ITA"]
[SourceTitle "EXT 2022"]
[Source "ChessBase"]
[SourceDate "2021.10.06"]
[SourceVersion "1"]
[SourceVersionDate "2021.10.06"]
[SourceQuality "1"]

1. d4 d5 2. c4 e6 3. Nf3 Nf6 4. g3 Be7 5. Bg2 0-0 6. 0-0 c6 7. Qc2 Nbd7 8. Rd1 b6 9. Bf4 Bb7 10. Ne5 Rc8 11. Nc3 c5 12. cxd5 Nxd5 13. Nxd7 Qxd7 14. dxc5 Bxc5 15. e4 Nb4 16. Rxd7 Nxc2 17. Rc1 Bc6 18. Rdd1 Nb4 19. a3 Na6 20. b4 Be7 21. b5 Ba8 22. bxa6 Bxa3 23. Bd6 Bxc1 24. Bxf8 Kxf8 25. Rxc1 Ke8 26. Kf1 Rc5 27. Ke1 Kd7 28. Kd2 Ra5 29. Bf1 Bc6 30. Rb1 Kd6 31. Nb5+ Bxb5 32. Bxb5 Kc5 33. Bd3 b5 34. e5 h6 35. Rc1+ Kd4 36. f4 Rxa6 37. Bxb5 Ra2+ 38. Rc2 Rxc2+ 39. Kxc2 Ke3 40. Be8 f6 41. f5 Ke4 42. exf6 gxf6 43. fxe6 Ke5 44. Bd7 Kd6 45. Kd3 h5 46. h4 1-0

[Event "EU-Cup Online Gr-D (Women)"]
[Site "Tornelo INT"]
[Date "2020.12.20"]
[Round "5.3"]
[White "Berezovska, Svetlana"]
[Black "Olde, Margareth"]
[Result "0-1"]
[WhiteElo "1793"]
[BlackElo "2233"]
[PlyCount "114"]
[EventDate "2020.12.19"]
[EventType "team-tourn (rapid)"]
[EventRounds "9"]
[EventCountry "ISS"]
[SourceTitle "CBM 199 Extra"]
[Source "ChessBase"]
[SourceDate "2021.01.31"]
[SourceVersion "1"]
[SourceVersionDate "2021.01.31"]
[SourceQuality "1"]
[WhiteTeam "Monte Carlo (W) III"]
[BlackTeam "Reval Sport (W)"]
[WhiteTeamCountry "MNC"]
[BlackTeamCountry "EST"]

1. e4 d6 2. d4 Nf6 3. Nc3 e5 4. dxe5 dxe5 5. Qxd8+ Kxd8 6. Bc4 Ke8 7. Nf3 Bd6 8. 0-0 Be6 9. Bxe6 fxe6 10. h3 a6 11. Be3 Nc6 12. a3 h6 13. Rad1 g5 14. Rd3 Ke7 15. Rfd1 b5 16. Bc1 Rab8 17. Re3 Nd4 18. Ne1 g4 19. h4 a5 20. Ne2 Bc5 21. Nxd4 Bxd4 22. Re2 g3 23. Nd3 gxf2+ 24. Nxf2 Rbf8 25. Rf1 Ng4 26. c3 Bxf2+ 27. Rexf2 Nxf2 28. Rxf2 Rxf2 29. Kxf2 h5 30. Bg5+ Kf7 31. Ke3 Kg6 32. Kd3 Rh7 33. Ke3 Rf7 34. Ke2 c5 35. Ke3 Rf1 36. b4 axb4 37. axb4 cxb4 38. cxb4 Rb1 39. Be7 Rb3+ 40. Ke2 Kf7 41. Bd6 Ke8 42. Bc5 Kd7 43. Bf8 Rc3 44. Bc5 Rb3 45. Bf8 Rg3 46. Kf2 Rg4 47. Kf3 Rxh4 48. Bg7 Rf4+ 49. Ke3 Rg4 50. Bxe5 Rxg2 51. Kf3 Rg1 52. Kf2 Rb1 53. Bc3 Rb3 54. Be1 Kd6 55. Ke2 Ke5 56. Kd2 Kxe4 57. Kc2 Rf3 0-1

[Event "EU-Cup Online Gr-D (Women)"]
[Site "Tornelo INT"]
[Date "2020.12.20"]
[Round "6.2"]
[White "Olde, Margareth"]
[Black "Bodnaruk, Anastasia"]
[Result "0-1"]
[WhiteElo "2233"]
[BlackElo "2423"]
[PlyCount "66"]
[EventDate "2020.12.19"]
[EventType "team-tourn (rapid)"]
[EventRounds "9"]
[EventCountry "ISS"]
[SourceTitle "CBM 199 Extra"]
[Source "ChessBase"]
[SourceDate "2021.01.31"]
[SourceVersion "1"]
[SourceVersionDate "2021.01.31"]
[SourceQuality "1"]
[WhiteTeam "Reval Sport (W)"]
[BlackTeam "Volgograd Gambit (W)"]
[WhiteTeamCountry "EST"]
[BlackTeamCountry "RUS"]

1. d4 Nf6 2. c4 g6 3. Nc3 Bg7 4. e4 d6 5. h3 0-0 6. Be3 e5 7. d5 Na6 8. Nf3 c6 9. g4 cxd5 10. cxd5 Nc5 11. Nd2 Ne8 12. Rg1 Kh8 13. g5 f5 14. h4 f4 15. Bxc5 dxc5 16. h5 Rf7 17. Nc4 Nd6 18. h6 Bf8 19. Qb3 Nxc4 20. Bxc4 Bd6 21. a4 a6 22. a5 Rf8 23. f3 Rb8 24. Qb6 Bc7 25. Qxc5 b6 26. Qa3 b5 27. 0-0-0 Bd6 28. Qa2 bxc4 29. Qxc4 Qxa5 30. Kc2 Bd7 31. Ra1 Qb6 32. b3 Rfc8 33. Qxa6 Qxb3+ 0-1

[Event "EU-Cup Online Gr-D (Women)"]
[Site "Tornelo INT"]
[Date "2020.12.19"]
[Round "3.4"]
[White "Esadze, Tamari"]
[Black "Olde, Margareth"]
[Result "1-0"]
[WhiteElo "1889"]
[BlackElo "2233"]
[PlyCount "87"]
[EventDate "2020.12.19"]
[EventType "team-tourn (rapid)"]
[EventRounds "9"]
[EventCountry "ISS"]
[SourceTitle "CBM 199 Extra"]
[Source "ChessBase"]
[SourceDate "2021.01.31"]
[SourceVersion "1"]
[SourceVersionDate "2021.01.31"]
[SourceQuality "1"]
[WhiteTeam "Tbilisi Chess Academy (W)"]
[BlackTeam "Reval Sport (W)"]
[WhiteTeamCountry "GEO"]
[BlackTeamCountry "EST"]

1. e4 e5 2. Nf3 Nc6 3. Bb5 a6 4. Ba4 Nf6 5. 0-0 Be7 6. Re1 b5 7. Bb3 d6 8. c3 0-0 9. h3 Nb8 10. d4 Nbd7 11. Nbd2 c5 12. Nf1 Re8 13. Ng3 Bf8 14. Bg5 h6 15. Bxf6 Qxf6 16. a4 Rb8 17. axb5 axb5 18. Bd5 Bb7 19. Ra7 Bxd5 20. exd5 Rbd8 21. Ne4 Qg6 22. Nh4 Qh7 23. Rxd7 Rxd7 24. Nf6+ gxf6 25. Qg4+ Kh8 26. Qxd7 Ra8 27. dxc5 dxc5 28. d6 Kg8 29. Nf5 h5 30. Ne7+ Kh8 31. Nc6 Qd3 32. Qb7 Qd2 33. Rf1 Bxd6 34. Qxa8+ Kg7 35. Nd8 e4 36. Qxe4 Be5 37. Nc6 Bc7 38. Qe3 Qd5 39. Ne7 Qd7 40. Re1 Kh7 41. Qe4+ Kh8 42. Nf5 Qd2 43. Qe8+ Kh7 44. Qxf7+ 1-0

[Event "EST-ch (Women)"]
[Site "Tallinn"]
[Date "2020.08.14"]
[Round "7"]
[White "Narva, Mai"]
[Black "Olde, Margareth"]
[Result "1/2-1/2"]
[WhiteElo "2313"]
[BlackElo "2224"]
[PlyCount "100"]
[EventDate "2020.08.08"]
[EventType "tourn"]
[EventRounds "9"]
[EventCountry "EST"]
[SourceTitle "CBM 197 Extra"]
[Source "ChessBase"]
[SourceDate "2020.09.30"]
[SourceVersion "1"]
[SourceVersionDate "2020.09.30"]
[SourceQuality "1"]

1. e4 e5 2. Nf3 Nc6 3. Bc4 Bc5 4. c3 d6 5. d4 exd4 6. cxd4 Bb4+ 7. Nc3 Nf6 8. Qd3 0-0 9. 0-0 Bg4 10. Bg5 h6 11. Bh4 Bxf3 12. gxf3 Bxc3 13. bxc3 g5 14. Bg3 Nh5 15. Bd5 Rb8 16. Rab1 Qd7 17. Rfe1 Kh8 18. Kh1 Nd8 19. e5 dxe5 20. Rxe5 Nc6 21. Bxc6 bxc6 22. Rxb8 Rxb8 23. Qf5 Qxf5 24. Rxf5 Nxg3+ 25. hxg3 Kg7 26. a4 Rb2 27. Kg2 Ra2 28. a5 f6 29. Rc5 Kf7 30. Rxc6 Rxa5 31. Rxc7+ Ke6 32. c4 Ra4 33. d5+ Kd6 34. Rc6+ Ke7 35. c5 Rc4 36. Rc7+ Kd8 37. Rxa7 Rxc5 38. Rf7 Rxd5 39. Rxf6 h5 40. Rh6 h4 41. Rh5 hxg3 42. fxg3 Ke7 43. Kh3 Rd3 44. Kg4 Kf6 45. Rh6+ Kg7 46. Ra6 Rd5 47. Ra8 Rb5 48. Ra6 Rd5 49. Kh5 Rd3 50. Kg4 Rd5 1/2-1/2